| 000 | 00000nas 2200000zi 4500 |
| 001 | 9.949961 |
| 003 | CaOODSP |
| 005 | 20250410151744 |
| 006 | m o d f |
| 007 | cr cn |||||||| |
| 008 | 250409d19941996oncar p o f0 0eng|d |
| 040 | |aCaOODSP|beng|erda|cCaOODSP |
| 041 | 0 |aeng|afre |
| 043 | |an-cn--- |
| 086 | 1 |aNR1-1-PDF |
| 110 | 2 |aNational Research Council Canada.|eauthor, |eissuing body. |
| 245 | 10|aReport to Parliament / |cNRC = CNRC. |
| 246 | 15|aRapport au Parlement |
| 264 | 1|a[Ottawa] : |bNational Research Council of Canada = Conseil national de recherches Canada, |c1994-1996. |
| 310 | |aAnnual |
| 336 | |atext|btxt|2rdacontent |
| 337 | |acomputer|bc|2rdamedia |
| 338 | |aonline resource|bcr|2rdacarrier |
| 362 | 1 |aBegan with: 1993/1994; ceased with: 1995/1996. |
| 546 | |aText in English and French. |
| 588 | |aDescription based on: 1993/1994; title from PDF title page. |
| 588 | |aLatest issue consulted: 1995/1996. |
| 610 | 20|aNational Research Council Canada|vPeriodicals. |
| 650 | 0|aResearch|zCanada|vPeriodicals. |
| 650 | 0|aResearch, Industrial|zCanada|vPeriodicals. |
| 655 | 7|aPeriodicals|2lcgft |
| 780 | 00|tAnnual report.|w(CaOODSP)9.949949 |
| 785 | 00|tAnnual report / |w(CaOODSP)9.949977 |
| 788 | |tReport to Parliament / |efre|w(CaOODSP)9.949960 |